00323 a2200109 4500001001000000005001700010008004100027245004400068100002800112773005600140999001700196ART_4159220260410161754.0260409a 10aEvasión tributaria y lavado de dinero1 aDomínguez, Marcelo E.0 tDoctrina tributariag- Nº 378 (sep. 2011)wREV4296 c19982d19982